MDQL
is popping MORE tags! Check the
thread
!
Quizzes
Events
Quiz Creation
Community
Videos
Private Events
Remove Ads
Sign In
Join for FREE
Feedback
Dark Mode
Quiz Categories
Sports
Geography
Music
Movies
Television
Just For Fun
Miscellaneous
History
Literature
Language
Science
Gaming
Entertainment
Religion
Holiday
For Kids
Quiz Lab
Recent
Popular Today
Quiz Kudos Today
Editor Picks
Curator Picks
Quizzes by...
Day
Popularity
Type
Ratings
Length
Year
Community
Subscriptions
Recent Discussions
Orange Saloon
Badges
Playlists
Quests
Create
Leaderboards
Showdown
Live 5
Trivia Bingo
Activity
Puzzle Library
Sporcle Events
Private Events
Virtual Trivia
Globe League
Become a Host
Pub Owners
SporcleCon
Opinionation
Our Games
Videos
Blog
Mobile Apps
Partnerships
Remove Ads and Go Orange
Feedback
Movies
Disney
Marvel Cinematic Universe
Movie Resume
Movie Titles
Oscar
Actor
Actress
Director
Pixar
Role
Movie Quotes
Movie Characters
Box Office
Nominee
Best Picture
Star Wars
James Bond
Horror Movies
Movies
Disney
Marvel Cinematic Universe
Movie Resume
Movie Titles
Oscar
Actor
Actress
Director
Pixar
Role
Movie Quotes
Movie Characters
Box Office
Nominee
Best Picture
Star Wars
James Bond
Horror Movies
Random Quiz
Search Sporcle
×
Quiz Lab
Quiz Lab
Movies
Oscar
Type in answers that appear in a list
Type in answers that appear in a list
Classic
Best Score? Go Orange.
Prime Time Oscar Nominees Stats
Can you name the Oscar nominees currently on a prime time TV show?
By
goatboy
7m
39 Questions
243 Plays
243 Plays
243 Plays
Comments
Comments
Give Quiz Kudos
Give Quiz Kudos
-
- Ratings
hide this ad
More Info
Replay
Link that replays current quiz
Next Quiz
Link to next quiz in quiz playlist
You Got
0%
They Got
Avg Score
67%
Avg Friend Score
Upgrade to see
Score Distribution
Jump to the score distribution portion of the page
Score
0/39
Timer
07:00
0
Plays Today
Nominated Film
Actor
% Correct
Rain Man*
Dustin Hoffman
94.2%
Misery*
Kathy Bates
93.4%
Fatal Attraction
Glenn Close
90.9%
Hotel Rwanda
Don Cheadle
88.1%
Fargo
William H. Macy
86.8%
Bridesmaids
Mellisa McCarthy
86.4%
The Cooler
Alec Baldwin
86.4%
The Piano*
Anna Paquin
86%
Bridesmaids
Kristen Wiig
85.6%
The Fighter*
Melissa Leo
84.1%
Forrest Gump
Gary Sinise
83.5%
Transamerica
Felicity Huffman
80.7%
Tootsie*
Jessica Lange
79.8%
Reversal of Fortune*
Jeremy Irons
77.4%
The Prime of Miss Jean Brodie*
Maggie Smith
76.1%
The Prince of Tides
Nick Nolte
75.7%
The Savages
Laura Linney
74.9%
Leaving Las Vegas
Elisabeth Shue
74.5%
The Green Mile
Michael Clarke Duncan
73.7%
Precious
Gabourey Sidibe
72.1%
Nominated Film
Actor
% Correct
Prizzi's Honor*
Anjelica Huston
71.2%
Ordinary People*
Timothy Hutton
69.2%
The Year of Living Dangerously*
Linda Hunt
68.1%
Children of a Lesser God*
Marlee Matlin
64.2%
Good Night, and Good Luck
David Strathairn
63.4%
Winter's Bone
John Hawkes
61.7%
Benjamin Button
Taraji P. Henson
60.6%
In & Out
Joan Cusack
60.1%
Revolutionary Road
Michael Shannon
58%
Rambling Rose
Laura Dern
58%
Goodfellas
Lorraine Bracco
53.9%
Dances With Wolves
Mary McDonnell
52.7%
Bullets Over Broadway
Jennifer Tilly
52.3%
Nixon
Joan Allen
49.8%
Alice Doesn't Live Here Anymore
Diane Ladd
41.5%
The Last Picture Show*
Cloris Leachman
39.6%
The Descendants*
Jim Rash
37.4%
Nashville
Lily Tomlin
36.7%
Victor Victoria
Lesley Ann Warren
28.5%
Quiz Playlist
Details
Report
Send in Message
Add To Playlist
More Info:
*Won Oscar
Classic:
Type in answers that appear in a list
Last Updated: Feb 16, 2017
Quiz Scoreboard
CHALLENGE
Sign Up to Join the Scoreboard
Show All
Scores
Hide
Comments
May contain spoilers
Recently Published
5x2 Blitz: Bands
by SL_Kpop136
Music
30s
Colored Red Africa Blitz
by spor1
Geography
30s
Find the 'City' Movie
by crazypaving
Movies
60s
More to Explore
Quiz From the Vault
Featured Blog Post
14 Easter Pick-up Lines to Find Eggs With
hide this ad
You Might Also Like...
Tags
Actor Quiz
Nominee Quiz
Oscar Quiz
Show Quiz
nomination
prime
Today's Top Quizzes in Movies
Browse Movies
hide this ad
Today's Top Quizzes in Oscar
Browse Oscar
Top Contributed Quizzes in Movies
1
Pick 5 Posters: Directed by Spielberg
2
7-to-1: Pixar Characters
3
Hidden Star Wars Character II
4
Hidden Star Wars Character III
5
Hidden Star Wars Character IV
6
Pick 5 Posters: Lowest-Rated Spielberg
7
Sorting Actresses
8
Sorting Actors
9
Hidden Star Wars Character V
10
Hidden Star Wars Character VI
Explore More
Trending Topics
Disney
Marvel
Crossword
Kpop
Anime
NBA
Harry Potter
Song
Puzzle
Pokémon
NFL
The Office
Country
Soccer
WWE
hide this ad
More By:
goatboy
Quiz
Plays
Rating
Category
Featured
Created
2014 NHL Olympians by Team
33,637
4.31
Sports
Jan 27, 2014
The Simpsons: What the Stonecutters Do
23,998
4.58
Television
Nov 21, 2009
Top 25 Simpsons Guest Stars
4,535
4.06
Television
Nov 4, 2009
SNL'ers on 30 Rock
2,033
4.71
Television
Dec 12, 2011
Top 30 Box Office Bombs
1,252
3.46
Movies
Nov 8, 2009
Go to Creator's Profile
Score Distribution
Quiz Creator Spotlight
goatboy
Follow
Send a Message
Quizzes Created
-
Created Quiz Play Count
-
More By This Creator
Popular Quizzes Today
1
5x2 Blitz: Bands
2
Find the 'City' Movie
3
Find the US States - No Outlines Minefield
4
Colored Red Africa Blitz
5
The Countries of the World
6
Find the US States
7
Risky Map Clicking: Biggest States A-Z
8
9x9 Crossword: Cartoon Network
More Movies Quizzes
'Aladdin' Start to Finish
Published
Trending Quizzes
Colored Red Africa Blitz II
Colored Red Europe Blitz I
Find the 'Dark' Movie
Find the 'Day' Movie
Find the 'Good' Movie
Recently Updated
Champions League XIs: Real Madrid
pecheneg
Largest US Cities 1790-2010
pecheneg
Rides in Walt Disney World
pecheneg
Most Oscar Losses (Acting)
pecheneg
Beyoncé Albums
pecheneg
Leaping Animals
pecheneg
Reality TV Shows (A-Z)
bhenderson79
Rickey Henderson's Hall of Fame Teammates
pecheneg
Champions League XIs: Arsenal
pecheneg
Quick Pick: Celebrities in WWE's Hall of Fame
aduchscher
Trending Topics
Harry Potter
Disney
Anime
Marvel
NBA
Kpop
Crossword
Country
NFL
WWE
Soccer
Puzzle
The Office
Pokémon
Song
Your Account Isn't Verified!
In order to create a playlist on Sporcle, you need to verify the email address you used during registration. Go to your
Sporcle Settings
to finish the process.
Report this User
Report this user for behavior that violates our
Community Guidelines
.
Details:
Send Report
Go to the Sporcle.com Mobile Site →
Comments